Výročná zpráva Kolleg. gymnázia v Prešove z a školský rok ...

Bibliographic Details
Format: Serial
Language:Slovak
PhysicalDescription:zv.
Published: Prešov Slovenské evanjelické kolleg. gymnázium 1921-1944]
Subjects:

MARC

LEADER 00000cas a2200000 a 4500
001 vtls001418478
003 SK-MaSNL
005 20260228160444.0
008 010810d19211944xo ar 0 0b0slo
035 |a SNK000373279 
040 |a SNK  |b slo  |c SNK  |e AACR2 
041 0 |a slo 
043 |a e-xo--- 
044 |a xo  |c SK 
072 7 |a 373.5/.6  |x Stredné školy  |2 konspekt 
072 7 |a 37  |x Výchova a vzdelávanie  |2 konspekt 
080 |a 373.5  |2 2011 
080 |a (437.671)  |2 2011 
080 |a 050  |2 2011 
080 |a 274/279  |2 2011 
080 |a 37.018.56  |2 2011 
080 |a (047.1)  |2 2011 
245 0 0 |a Výročná zpráva Kolleg. gymnázia v Prešove z a školský rok ... 
246 1 3 |a Výročná zpráva Slovenského evanjelického kolleg. gymnázia v Prešove za školský rok... 
260 |a Prešov  |b Slovenské evanjelické kolleg. gymnázium  |c 1921-1944] 
300 |a zv. 
310 |a 1x ročne 
362 0 |a 2 (1920/21)-4 (1922/23) ; 1923/24-1943/44  |z Bg. výročných správ škôl ... 
500 |a Súčasťou názvu je označenie šk. roku 
500 |a Na začiatku názvu je poradové číslo správy v r.1920/21-1922/23 
650 0 7 |a gymnáziá  |2 SNKPH  |9 16386 
650 0 7 |a cirkevné školy  |2 SNKPH  |9 4074 
651 7 |a Prešov (Slovensko)  |2 SNKPHgeo  |9 17347 
655 7 |a výročné správy  |2 SNKPH  |9 70580 
910 |a snk 
999 |c 2602  |d 4532 
952 |0 0  |1 0  |4 0  |7 0  |8 5  |a SNK  |b SNK  |d 2001-08-10  |i snkF 1663/67  |l 0  |o snkČSC 837/3/1921-1922  |p 17A0309165  |r 2005-01-02 00:00:00  |w 2026-02-21  |y PREZ 
952 |0 0  |1 0  |4 0  |7 0  |a SNK  |b SNK  |d 2001-08-10  |i snkČSK 234/59  |l 0  |o snkČSC 837/4/1922-1923  |r 2005-01-02 00:00:00  |w 2026-02-21  |y PREZ